7 Kontynentów Według Obrazu - Statystyki

Ogólne statystyki
  • Ten quiz został rozwiązany 47 razy
    33 od ostatniego zresetowania
  • Średni wynik to 5 z 7
Statystyki odpowiedzi
Obrazkowy Odpowiedź % Poprawnych
Afryka
100%
Azja
92%
Ameryka Południowa
80%
Ameryka Północna
76%
Europa
72%
Australia i Oceania
48%
Antarktyda
32%
Nie znaleziono quizów pasujących do podanych kryteriów
Rozkład punktacji
Procent ludzi z każdym wynikiem
Percentyl według liczby udzielonych odpowiedzi
Twoja historia wyników
Nie rozwiązałeś tego quizu od ostatniego zresetowania